000 00312 a2200109 4500
001 ART_17887
005 20260410161701.0
008 260409a
245 1 0 _aAnatomía y heteronimía monetarias
100 1 _aOlivera, Julio H.G.
773 0 _tEnsayos Económicos
_g- Nº 4 (dic. 1977)
_wREV620
999 _c15186
_d15186